Italian for beginners / (Record no. 50548)
[ view plain ]
| 000 -LEADER | |
|---|---|
| fixed length control field | 00718nam a22002417a 4500 |
| 001 - CONTROL NUMBER | |
| control field | 50548 |
| 003 - CONTROL NUMBER IDENTIFIER | |
| rucl marc code | BD-RjUL |
| 005 - DATE AND TIME OF LATEST TRANSACTION | |
| control field | 20211209075527.0 |
| 008 - FIXED-LENGTH DATA ELEMENTS--GENERAL INFORMATION | |
| fixed length control field | 160827b19611960enk||||| |||| 00| 0 eng d |
| 035 ## - SYSTEM CONTROL NUMBER | |
| System control number | (BD-RjUL) 50668 |
| 040 ## - CATALOGING SOURCE | |
| Original cataloging agency | BD-RjUL |
| Language of cataloging | eng |
| Transcribing agency | BD-RjUL |
| Modifying agency | BD-RjUL |
| 041 ## - LANGUAGE CODE | |
| Language code of text/sound track or separate title | eng |
| 082 ## - DEWEY DECIMAL CLASSIFICATION NUMBER | |
| Edition number | 23 |
| Classification number | 458.242 |
| Author mark and year | DUI 1961 |
| 100 ## - MAIN ENTRY--PERSONAL NAME | |
| Personal name | Duff, Charles |
| 9 (RLIN) | 151412 |
| 245 ## - TITLE STATEMENT | |
| Title | Italian for beginners / |
| Statement of responsibility, etc. | Charles Duff |
| 250 ## - EDITION STATEMENT | |
| Edition statement | 2nd ed (Revised) |
| 260 ## - PUBLICATION, DISTRIBUTION, ETC. (IMPRINT) | |
| Place of publication, distribution, etc. | New York : |
| Name of publisher, distributor, etc. | Barnes & Noble, |
| Date of publication, distribution, etc. | 1960 [Reprinted 1961] |
| 300 ## - PHYSICAL DESCRIPTION | |
| Pagination | xvi,376p. : |
| Illustrations | ill. ; |
| Size | 19 cm. |
| 490 ## - SERIES STATEMENT | |
| Series statement | Everyday handbooks, no. 214. |
| 650 ## - SUBJECT ADDED ENTRY--TOPICAL TERM | |
| Topical term or geographic name as entry element | Italian language |
| Form subdivision | Grammar. |
| 9 (RLIN) | 151413 |
| 856 ## - ELECTRONIC LOCATION AND ACCESS | |
| Materials specified | Everyday handbooks, no. 214. |
| 942 ## - ADDED ENTRY ELEMENTS (KOHA) | |
| Source of classification or shelving scheme | Dewey Decimal Classification |
| Koha item type | Books |
| Lost status | Source of classification or shelving scheme | Damaged status | Not for loan | Collection code | Permanent Location | Current Location | Shelving location | Date acquired | Source of acquisition | Total Checkouts | Full call number | Date last seen | Copy number | Koha item type |
|---|---|---|---|---|---|---|---|---|---|---|---|---|---|---|
| Dewey Decimal Classification | Non-fiction | Central Library, University of Rajshahi | Central Library, University of Rajshahi | 26/07/1962 | Asia foundation | 458.242 DUI 1961 | 27/08/2016 | C-2 | Books |